logo

Bir Sreshtho Munshi Abdur Rouf Library
Jhenaidah Cadet College

The methods of statistics / (Record no. 10184)

MARC details
000 -LEADER
fixed length control field 00586cam a22002297a 4500
001 - CONTROL NUMBER
JCCL Control Number 10184
003 - CONTROL NUMBER IDENTIFIER
JCCL marc code BD-JhCC
005 - DATE AND TIME OF LATEST TRANSACTION
control field 20190509100629.0
008 - FIXED-LENGTH DATA ELEMENTS--GENERAL INFORMATION
fixed length control field 180417s20071972mau 000 0 eng
035 ## - SYSTEM CONTROL NUMBER
system control number (BD-JhCC)10184
040 ## - CATALOGING SOURCE
Original cataloging agency DLC
Transcribing agency DLC
Modifying agency DLC
-- BD-JhCC
041 ## - LANGUAGE CODE
Language code of Book eng
050 00 - LIBRARY OF CONGRESS CALL NUMBER
Classification number YA 19271
082 ## - DEWEY DECIMAL CLASSIFICATION NUMBER
Author mark and Year MOS 2007
Classification number 311.2
100 1# - MAIN ENTRY--PERSONAL NAME
Personal name Mostafa, DR M. G.
245 14 - TITLE STATEMENT
Title The methods of statistics /
Statement of responsibility, etc DR M. G. Mostafa
260 ## - PUBLICATION, DISTRIBUTION, ETC. (IMPRINT)
Place of publication, distribution, etc Dhaka :
Name of publisher, distributor, etc Karim Press & Publications,
Date of publication, distribution, etc 2007.
300 ## - PHYSICAL DESCRIPTION
Pagination 407 p. :
Dimensions 20 cm.
650 #0 - SUBJECT ADDED ENTRY--TOPICAL TERM
Topical term or geographic name as entry element Statistics.
942 ## - ADDED ENTRY ELEMENTS (KOHA)
Source of classification or shelving scheme Dewey Decimal Classification
Koha item type Books
Holdings
Source of classification or shelving scheme Damaged status Not for loan Home library Current library Shelving location Total Checkouts Full call number Barcode Date last seen Copy number Koha item type
Dewey Decimal Classification     JCC Rouf Library JCC Rouf Library General Stacks   311.2 MOS 2007 11154 04/19/2018 C-1 Books

JCC Library | Contacts | JCC Home

Last Update on 23 September 2017
Copyright @ 2017-2020 JCC Rouf Library
Rouf Library, Jhenidah Cadet College (JCC), Bangladesh